000 00354nam a2200157Ia 4500
001 7871
008 140321s9999 xx 000 0 und d
040 _cPK-LaUMT
082 _a 297
_bKHU-F
100 _aKhurshid Ahmad
245 _aFanaticism, intolerance and Islam
_cKhurshid Ahmad
260 _c1981
300 _a64 p.
546 _aEN
942 _cBK
999 _c9267
_d9267